[Event "Stuttgart-chC int"]
[Site "Ditzingen"]
[Date "2014.05.30"]
[Round "5"]
[White "Leutschaft, Jonathan"]
[Black "Hauger, Albrecht"]
[Result "1/2-1/2"]
[WhiteElo "962"]
[BlackElo "1060"]
[PlyCount "44"]
[EventDate "2014.05.29"]
[EventType "swiss"]
[EventRounds "7"]
[EventCountry "GER"]
[SourceTitle "EXT 2015"]
[Source "ChessBase"]
[SourceDate "2014.11.20"]
[SourceVersion "1"]
[SourceVersionDate "2014.11.20"]
[SourceQuality "1"]

1. e4 c5 2. Nf3 d6 3. Bb5+ Bd7 4. Bxd7+ Qxd7 5. d3 Nc6 6. a3 e6 7. Be3 Nf6 8. 0-0 Be7 9. h3 0-0 10. Re1 Qc7 11. c3 Rfd8 12. d4 cxd4 13. Bxd4 Nxd4 14. Nxd4 a6 15. Nd2 b5 16. Qc2 Rdc8 17. N4f3 e5 18. Rec1 Rab8 19. b4 Rb6 20. Re1 Rc6 21. Nb1 Rc4 22. Nfd2 Rc6 1/2-1/2

[Event "Stuttgart-chC int"]
[Site "Ditzingen"]
[Date "2013.05.11"]
[Round "6"]
[White "Kobald, Pierre"]
[Black "Leutschaft, Jonathan"]
[Result "0-1"]
[WhiteElo "1075"]
[BlackElo "741"]
[PlyCount "34"]
[EventDate "2013.05.09"]
[EventType "swiss"]
[EventRounds "7"]
[EventCountry "GER"]
[SourceTitle "EXT 2014"]
[Source "ChessBase"]
[SourceDate "2013.11.20"]
[SourceVersion "1"]
[SourceVersionDate "2013.11.20"]
[SourceQuality "1"]

1. e4 e5 2. Nf3 Nc6 3. d4 exd4 4. Nxd4 Nxd4 5. Qxd4 b6 6. Bc4 Bc5 7. Qxg7 Qf6 8. Qxf6 Nxf6 9. 0-0 Nxe4 10. Kh1 Nxf2+ 11. Kg1 Nd3+ 12. Kh1 Ne5 13. Bb3 Bb7 14. Nc3 Rg8 15. Ne4 0-0-0 16. Be3 Bxe4 17. Rf5 Bxg2+ 0-1

[Event "Stuttgart-chC int"]
[Site "Ditzingen"]
[Date "2013.05.09"]
[Round "1"]
[White "Leutschaft, Jonathan"]
[Black "Walliser, Pascal"]
[Result "0-1"]
[WhiteElo "741"]
[BlackElo "1157"]
[PlyCount "82"]
[EventDate "2013.05.09"]
[EventType "swiss"]
[EventRounds "7"]
[EventCountry "GER"]
[SourceTitle "EXT 2014"]
[Source "ChessBase"]
[SourceDate "2013.11.20"]
[SourceVersion "1"]
[SourceVersionDate "2013.11.20"]
[SourceQuality "1"]

1. e4 e5 2. Nf3 Nc6 3. Bc4 Bc5 4. Nc3 d6 5. h3 Be6 6. Bb5 Qd7 7. d3 a6 8. Bxc6 Qxc6 9. Bg5 f6 10. Bd2 Ne7 11. 0-0 0-0 12. Ne1 f5 13. exf5 Nxf5 14. Nf3 Qb6 15. b3 Ng3 16. Re1 Bxf2+ 17. Kh2 Bxe1 18. Qxe1 Nf5 19. Ng5 Rf6 20. Nce4 Rg6 21. Qf1 Rf8 22. Qe2 Nd4 23. Qh5 Rh6 24. Qd1 d5 25. Nc3 Qd6 26. Kh1 Rhf6 27. g3 Rf1+ 28. Qxf1 Rxf1+ 29. Rxf1 h6 30. Nf3 Bxh3 31. Rf2 Nxf3 32. Rxf3 e4 33. dxe4 dxe4 34. Nxe4 Qd5 35. Rf4 Bf5 36. c4 Bxe4+ 37. Kh2 Qxd2+ 38. Kh3 Bg2+ 39. Kh2 Bf1+ 40. Rf2 Qxf2+ 41. Kh1 Qg2# 0-1

[Event "Stuttgart-chC int"]
[Site "Ditzingen"]
[Date "2013.05.09"]
[Round "2"]
[White "Ustaosman, Hasan"]
[Black "Leutschaft, Jonathan"]
[Result "1-0"]
[WhiteElo "976"]
[BlackElo "741"]
[PlyCount "79"]
[EventDate "2013.05.09"]
[EventType "swiss"]
[EventRounds "7"]
[EventCountry "GER"]
[SourceTitle "EXT 2014"]
[Source "ChessBase"]
[SourceDate "2013.11.20"]
[SourceVersion "1"]
[SourceVersionDate "2013.11.20"]
[SourceQuality "1"]

1. e4 e5 2. f4 exf4 3. Nf3 Nf6 4. e5 Ne4 5. d4 d5 6. exd6 Bxd6 7. Bc4 0-0 8. 0-0 Bg4 9. Bd5 Nc5 10. b4 Be7 11. dxc5 c6 12. Bb3 Nd7 13. Bxf4 Bf6 14. c3 Re8 15. Bd6 Bg5 16. Bxf7+ Kxf7 17. Ne5+ Kg8 18. Nxg4 h5 19. Nf2 Be3 20. Nd2 Nf6 21. h3 Nd5 22. Qe2 Qh4 23. Nf3 Qf6 24. Kh1 Qh6 25. Nh4 Qh7 26. Qf3 Nxc3 27. Ng4 hxg4 28. Qf7+ Kh8 29. Ng6+ Qxg6 30. Qxg6 gxh3 31. Qh5+ Kg8 32. gxh3 Ne4 33. Qf7+ Kh7 34. Rf5 Ng5 35. Qh5+ Kg8 36. Rxg5 Bxg5 37. Qxg5 Re4 38. Rg1 g6 39. Qxg6+ Kh8 40. Qg7# 1-0